00917cam a2200265 a 45000010005000000030009000050050017000140080041000310100017000720200015000890400036001040820018001401000020001582450100001782460038002782500012003162600030003283000047003585000020004056500063004256500063004886500057005517000022006087000021006301147BD-DhUAP20210112105230.0210112s1998 ii a 001 0 eng d a 96069667  a8170299802 aIArlhcIArlhdCLdBD-DhUAPbeng00a004.6 CHE2231 aChellis, James.10aMCSE :bnetworking essentials study guide /cJames Chellis, Charles Perkins and Matthew Strebe.30aNetworking essentials study guide a2nd ed. aNew Delhi :bBPB,cc1998. axxvx, 683 pages :billustrations ;c24 cm. aIncludes index. 0aComputer networksxManagementxExaminationsxStudy guides. 0aOperating systems (Computers)xExaminationsxStudy guides. 0aElectronic data processing personnelxCertification.1 aPerkins, Charles.1 aStrebe, Matthew.